00391nam a2200121Ia 4500008004100000245012800041260001700169260000900186300000900195650002300204650001200227856003000239170516s9999 xx 000 0 und d aMotion Compensated Ultrasound Imaging Allows Thermometry and Image Guided Drug Delivery Monitoring from Echogenic Liposomes bTheranostics c2016 a6:11 xMedical Technology xMedtech uhttp://www.thno.org/v6i11